000 00666nam a2200241Ia 4500
003 GCL
008 140319s9999 xx 000 0 ara d
040 _aGCL /
_cGCL
082 0 4 _a507
_bت ع
100 1 _aعفيف الرزاز (مترجم)
245 1 0 _aالعلم فى 1001 سوال /
_cعفيف الرزاز (مترجم)
700 1 _aتريفل، جايمس
260 _a[S.N] :
_bاكاديميا
300 _a391 ص
490 _a
650 0 4 _aالعلم
650 0 4 _aالادباء
650 0 4 _aالفيزياء الحديثة
650 0 4 _aالعلوم
650 0 4 _aالفلك الطبيعى
650 0 4 _aالارض
942 _2ddc
_cBK
999 _c34701
_d34701